000 00481nam a2200157 a 4500
001 000049039
005 20201002061614.0
008 190716s1991 dr 000 spa d
040 _aDO-SdBNP
_bspa
_cBNPHU
082 _axxx
_bH564c
100 1 _aHerrera, Juan R.
_923966
245 3 _aEl contador Interamericano y su entorno socio-económico. /
_cJuan R. Herrera.
260 _aSanto Domingo :
_bGrafideas,
_c1991.
300 _a248 p. ;
_c21 cm.
590 _aInventariado, 2019 / DG
999 _c48527
_d48527